00897nas a2200253Ia 4500001001100000003000900011008004100020040001300061040001300074041001300087100004500100210001000145222001000155245007600165250001100241260004100252501008600293300001700379362003300396500012800429650003900557700001800596700002900614R455/G7044IT-RoPAU151124c99999999xx |||||||||||| ||und|| aIT-RoPAU cIT-RoPAU aITALIANO aPisarra PietrogCodice Aut. SPICS: 22366 aJESUS aJesus aJESUS, ANNO 23-N.05 (MAGGIO 2001)bAnno Domini 2000: Il Lume Della Fede a1a ed. aALBA (CN)bPERIODICI SAN PAOLOc2001 bPaulus - SPICS - Società€ San Paolo EM (non-commercial uses only)cCopyright2015 a6 p. [80-85] aANNO 023, N.05 (MAGGIO 2001) aViaggio Alle Radici Spirituali della Modernità€. Ragione Ospitale e Fede Non Credulona: Intervista al Filosofo Remo Bodei. aPASTORALEvPUBBLICAZIONE PERIODICA aRonconi Marco gCodice Aut. SPICS: 54921